Uj [!új] könyvtárpolitika
Elmentve itt :
| Szerző: | |
|---|---|
| Dokumentumtípus: | Cikk |
| Megjelent: |
1933
|
| Sorozat: | Széphalom
7 |
| Kulcsszavak: | Könyvtártudomány |
| Online Access: | http://acta.bibl.u-szeged.hu/20721 |
| LEADER | 00539nab a2200169 i 4500 | ||
|---|---|---|---|
| 001 | acta20721 | ||
| 005 | 20210722145738.0 | ||
| 008 | 161015s1933 hu o 0|| hun d | ||
| 040 | |a SZTE Egyetemi Kiadványok Repozitórium |b hun | ||
| 041 | |a hun | ||
| 100 | 1 | |a Zolnai Béla | |
| 245 | 1 | 0 | |a Uj [!új] könyvtárpolitika |h [elektronikus dokumentum] / |c Zolnai Béla |
| 260 | |c 1933 | ||
| 300 | |a 16-19 | ||
| 490 | 0 | |a Széphalom |v 7 | |
| 695 | |a Könyvtártudomány | ||
| 856 | 4 | 0 | |u http://acta.bibl.u-szeged.hu/20721/1/szephalom_007_016-019.pdf |z Dokumentum-elérés |